International finance (Record no. 3026)

MARC details
000 -LEADER
fixed length control field 00589 a2200193 4500
020 ## - INTERNATIONAL STANDARD BOOK NUMBER
Terms of availability 240.00
035 ## - SYSTEM CONTROL NUMBER
System control number B-83376
037 ## - SOURCE OF ACQUISITION
Source of stock number/acquisition RP-L-122 / UBH-04-05:15 / RP-04-05:ENG
082 14 - DEWEY DECIMAL CLASSIFICATION NUMBER
Classification number 332.042
090 ## - LOCALLY ASSIGNED LC-TYPE CALL NUMBER (OCLC); LOCAL CALL NUMBER (OCLC)
-- 3087
-- 3087
100 1# - MAIN ENTRY--PERSONAL NAME
Personal name Avadhani, V. A.
245 1# - TITLE STATEMENT
Title International finance
Statement of responsibility, etc by V.A. Avadhani
250 ## - EDITION STATEMENT
Edition statement 5th rev. ed.
260 ## - PUBLICATION, DISTRIBUTION, ETC. (IMPRINT)
Place of publication, distribution, etc Mumbai
Name of publisher, distributor, etc Himalaya Publishing House
Date of publication, distribution, etc 2004r
300 ## - PHYSICAL DESCRIPTION
Extent 426 p
Dimensions 24 cm (pbk)
500 ## - GENERAL NOTE
General note This is reprint 2004
942 ## - ADDED ENTRY ELEMENTS (KOHA)
Institution code [OBSOLETE] dpl
Koha item type English Books
Call number prefix 332.042 / AVA
Holdings
Withdrawn status Lost status Source of classification or shelving scheme Damaged status Not for loan Collection code Home library Current library Cost, normal purchase price Total Checkouts Full call number Barcode Date last seen Date checked out Copy number Uniform Resource Identifier Cost, replacement price Price effective from Koha item type
    Dewey Decimal Classification     Non-fiction Central Library Central Library 240.00 2 332.042 AVA B-83376 15/06/2022 24/05/2022 1 3220 240.00 15/09/2008 English Books

© Delhi Public Library
Hit Counter
free hit counter